| 000 | 00341nam a2200145 i 4500 | ||
|---|---|---|---|
| 001 | bg | ||
| 100 | 1 | _aCHARPER, U. R. | |
| 245 | 0 |
_aOsnovnye principy reaktorov delenija / _cU.R. Charper. |
|
| 260 |
_aMoskva, _c1963. |
||
| 040 | _cBPK | ||
| 041 | _apol | ||
| 080 | _a621.039.04 | ||
| 942 | _cKS | ||
| 008 | s pl f |000 0 pol | ||
| 999 |
_c12801 _d12801 |
||
| 856 |
_uhttp://koha.tu.koszalin.pl/cgi-bin/koha/opac-detail.pl?biblionumber=12801 _yKatalog online BPK |
||